000 00362nam a2200145Ia 4500
008 230917s9999||||xx |||||||||||||| ||und||
040 _e153621
_aMAIN
041 _aEnglish
082 _a294.1 C393N
100 _aChaubey, Braj Bihari
245 0 _aNew Vedic selections
260 _aDelhi
_bBharatiya Vidya Prakashan
_c1973
300 _a652 p.
942 _cBK
999 _c186503
_d186503